[Event "Negombo op 3rd"]
[Site "Negambo"]
[Date "2017.08.24"]
[Round "9"]
[White "Dissanayake, Manusha Dinuk"]
[Black "De Silva, DM Nilanga"]
[Result "1/2-1/2"]
[WhiteElo "1456"]
[BlackElo "1754"]
[PlyCount "95"]
[EventDate "2017.08.20"]
[EventType "swiss"]
[EventRounds "10"]
[EventCountry "SRI"]
[SourceTitle "CBM 180 Extra"]
[Source "ChessBase"]
[SourceDate "2017.10.06"]
[SourceVersion "1"]
[SourceVersionDate "2017.10.06"]
[SourceQuality "1"]

1. e4 c5 2. c3 d5 3. exd5 Qxd5 4. d4 Nc6 5. Be3 e5 6. c4 Qd8 7. dxc5 Qxd1+ 8. Kxd1 Nf6 9. Nf3 Bf5 10. Nc3 0-0-0+ 11. Kc1 Ng4 12. h3 Nxe3 13. fxe3 Bxc5 14. e4 Bg6 15. Nh4 Be3+ 16. Kc2 Rd2+ 17. Kb3 Nd4+ 18. Ka4 Rd8 19. Nxg6 hxg6 20. Nd5 Bg5 21. b3 f5 22. h4 Bf6 23. Nxf6 gxf6 24. exf5 Nxf5 25. g4 Ne3 26. h5 Nxg4 27. hxg6 Rg8 28. Bh3 Rxg6 29. Raf1 Kc7 30. Bxg4 Rxg4 31. Rh7+ Rd7 32. Rxd7+ Kxd7 33. Rxf6 Rg7 34. Kb4 Re7 35. Kc3 e4 36. Kd2 e3+ 37. Ke2 a5 38. Rf3 Kc6 39. Rxe3 Rh7 40. Kd3 Rh2 41. Re2 Rh3+ 42. Kc2 Rg3 43. Kb2 Rh3 44. Ka3 b6 45. Ka4 Rh5 46. a3 Rg5 47. b4 axb4 48. axb4 1/2-1/2

[Event "Negombo op 3rd"]
[Site "Negambo"]
[Date "2017.08.21"]
[Round "4"]
[White "Lasitha, Subash"]
[Black "Dissanayake, Manusha Dinuk"]
[Result "1-0"]
[WhiteElo "1779"]
[BlackElo "1456"]
[PlyCount "101"]
[EventDate "2017.08.20"]
[EventType "swiss"]
[EventRounds "10"]
[EventCountry "SRI"]
[SourceTitle "CBM 180 Extra"]
[Source "ChessBase"]
[SourceDate "2017.10.06"]
[SourceVersion "1"]
[SourceVersionDate "2017.10.06"]
[SourceQuality "1"]

1. Nf3 Nf6 2. b3 Nc6 3. Bb2 d5 4. e3 g6 5. Be2 Bg7 6. 0-0 0-0 7. a3 a6 8. d4 b5 9. Nbd2 Bb7 10. c4 bxc4 11. bxc4 e6 12. Rc1 Qe7 13. Qa4 Nd7 14. cxd5 Nb6 15. Qc2 exd5 16. Nb3 Nd7 17. Qd2 Rfc8 18. Rc2 Nf6 19. Rfc1 Ne4 20. Qe1 Nd8 21. Na5 c6 22. Qb4 Qxb4 23. axb4 Rc7 24. Ne1 Bf8 25. Nd3 f6 26. Ba3 Nd6 27. Nc5 Bc8 28. Nab3 Bd7 29. Nd2 Nb5 30. Bxb5 axb5 31. Ndb3 Nb7 32. Nxb7 Rxb7 33. Ra1 Rba7 34. Na5 Bd6 35. Rca2 Ra6 36. g3 h5 37. Kf1 Kf7 38. Ke2 Bc8 39. Kd2 g5 40. Kc3 g4 41. Kb3 Kg6 42. Bb2 Rb6 43. Bc3 Kf5 44. Kc2 Ke4 45. Kd2 Kf3 46. Re1 Bc7 47. Raa1 Bd7 48. e4 dxe4 49. Re3+ Kxf2 50. Re2+ Kf3 51. Rf1# 1-0